| 000 | 00695nam a22002057a 4500 | ||
|---|---|---|---|
| 003 | BD-DhUL | ||
| 005 | 20160824175318.0 | ||
| 008 | 160824s1999 bg ||||| |||| 00| 0 ben | ||
| 020 | _a9840738828 | ||
| 040 |
_aBD-DhUL _cBD-DhUL |
||
| 082 |
_a387.7 _bSAU |
||
| 100 | 1 | _aসৈয়দ মোঃ সালেহউদ্দিন | |
| 245 | 1 | 0 |
_aউড্ডয়নের ইতিহাস / _cসৈয়দ মোঃ সালেহউদ্দিন |
| 260 |
_aঢাকা : _bবাংলা একাডেমী, _c১৯৯৯ |
||
| 300 |
_a৬৫ পৃ. ; _c২১ সেমি. |
||
| 365 |
_aBDT _b40 |
||
| 650 | 0 | _aHistory | |
| 650 | 0 | _aইতিহাস | |
| 942 |
_2ddc _cBK |
||
| 999 |
_c101550 _d101550 |
||